000 00614nam a2200169 i 4500
001 121432
003 ES-MaACL
005 20230906191742.0
007 t|
008 070214s1961 sp r ||||1| spa d
110 2 _aInstituto Nacional de Industria (España).
_bSecretaría Gestora del Plan Badajoz.
_95167
245 1 3 _aEl Plan de Badajoz
_b: resumen informativo de su situación en fin de 1961.
260 _aMadrid :
_bInstituto Nacional de Industria,
_c1961.
300 _a26 p. :
_bil. ;
_c27 cm.
651 4 _aBadajoz (Provincia)-
_xPolítica económica.
_9160837
852 _aES-MaACL
_j2026-F-14
_bR.49676
999 _c121432
_d121432